00844cam a22002531 450000100060000000300080000600500170001400800410003103500190007203500190009104000380011004100080014808200210015610000270017724500540020425000110025826000420026930000350031150400420034665000340038894200120042299900170043495201390045125840BD-RjUL20211209050933.0140319s1971 ii b b 001 0 eng d a(BD-RjUL)25910 a(OCoLC)2771283 aDLCcScUdNcRSdDLCdBD-RjULbeng aeng00a954.02bSEF 19711 aSen, Siba Pada.97939604aThe French in India, 1763-1816./c Siba Pada Sen, a2nd ed aCalcutta :bK. L. Mukhopadhyay,c1971 axvii, 621 p. :bill. ;c23 cm. aBibliography: p. [603]-611. and Index 0aFrenchzIndiaxHistory979397 2ddccBK c25840d25840 00102ddc40728NFICaRUCLbRUCLcReadingd1974-07-08eIndia Govt. Giftl0o954.02 SEF 1971r2014-03-19 00:00:00tC-1w2014-03-19yBK